[Event "Oberliga Nord O 2122"]
[Site "Germany"]
[Date "2021.10.31"]
[Round "1.6"]
[White "Dettmann, Gerd"]
[Black "Lehmann, Klaus"]
[Result "1/2-1/2"]
[WhiteElo "2119"]
[BlackElo "2213"]
[PlyCount "99"]
[EventDate "2021.10.31"]
[EventType "team-tourn"]
[EventRounds "9"]
[EventCountry "GER"]
[SourceTitle "EXT 2023"]
[Source "ChessBase"]
[SourceDate "2022.10.05"]
[SourceVersion "1"]
[SourceVersionDate "2022.10.05"]
[SourceQuality "1"]
[WhiteTeam "Guestrow/Teterow"]
[BlackTeam "Kreuzberg"]
[WhiteTeamCountry "GER"]
[BlackTeamCountry "GER"]

1. e4 c6 2. d4 d5 3. exd5 cxd5 4. Nf3 Nc6 5. Ne5 e6 6. c3 Bd6 7. Bb5 Qc7 8. Bf4 Nge7 9. Nd2 f6 10. Nxc6 bxc6 11. Bxd6 Qxd6 12. Be2 0-0 13. 0-0 Ng6 14. Qc2 a5 15. f3 Ba6 16. Bxa6 Rxa6 17. Nb3 Ra7 18. Nc5 Re7 19. Nd3 Rfe8 20. Rad1 Qb8 21. a3 Qa7 22. Nc5 Nf4 23. b4 axb4 24. axb4 e5 25. Rfe1 exd4 26. Rxe7 Qxe7 27. cxd4 Ne2+ 28. Kh1 Nxd4 29. Qf2 Nc2 30. b5 cxb5 31. h3 Ne3 32. Rc1 Rc8 33. Re1 Qxc5 34. Rxe3 d4 35. Re4 Rd8 36. Qa2+ Qc4 37. Qa7 Qf7 38. Re7 Qf8 39. Qc7 Re8 40. Rd7 Rc8 41. Qb7 b4 42. Rxg7+ Qxg7 43. Qxc8+ Qf8 44. Qc4+ Kg7 45. Qxd4 Qe7 46. Qg4+ Kf7 47. Qc4+ Kg7 48. Qg4+ Kf7 49. Qc4+ Kg7 50. Qg4+ 1/2-1/2

[Event "Oberliga Nord O 1920"]
[Site "Germany"]
[Date "2019.10.20"]
[Round "2.6"]
[White "Lehmann, Klaus"]
[Black "Mueller, Michael1111"]
[Result "1/2-1/2"]
[WhiteElo "2248"]
[BlackElo "2236"]
[PlyCount "89"]
[EventDate "2019.09.29"]
[EventType "team-tourn"]
[EventRounds "9"]
[EventCountry "GER"]
[SourceTitle "CBM 195 Extra"]
[Source "ChessBase"]
[SourceDate "2020.05.31"]
[SourceVersion "1"]
[SourceVersionDate "2020.05.31"]
[SourceQuality "1"]

1. e4 e6 2. d4 d5 3. Nd2 h6 4. Ngf3 c5 5. exd5 exd5 6. Bb5+ Bd7 7. Qe2+ Qe7 8. Bxd7+ Nxd7 9. Qxe7+ Nxe7 10. dxc5 Nc6 11. c3 Nxc5 12. 0-0 0-0-0 13. Nb3 Nxb3 14. axb3 Bc5 15. b4 Bb6 16. b5 Na5 17. Be3 Nc4 18. Bxb6 axb6 19. Rfe1 Rhe8 20. Ra8+ Kd7 21. Rxd8+ Rxd8 22. b3 Nd6 23. Rd1 Kc7 24. Nd4 Ra8 25. g4 Ra2 26. f3 g6 27. Re1 Kd7 28. Re5 Ra1+ 29. Kg2 Rc1 30. Re3 Ne8 31. Rd3 Nd6 32. Kg3 Ke7 33. Ne2 Rb1 34. Nd4 Rc1 35. h4 Rg1+ 36. Kf2 Rh1 37. Kg2 Rc1 38. h5 gxh5 39. gxh5 Kf6 40. Kg3 Rh1 41. Ne2 Rxh5 42. Nf4 Rg5+ 43. Kf2 Nxb5 44. Nxd5+ Ke6 45. c4 1/2-1/2

[Event "Oberliga Nord O 1819"]
[Site "Germany"]
[Date "2019.04.07"]
[Round "9.4"]
[White "Meissner, Hans Juergen"]
[Black "Lehmann, Klaus"]
[Result "1/2-1/2"]
[WhiteElo "2226"]
[BlackElo "2272"]
[PlyCount "90"]
[EventDate "2018.10.21"]
[EventType "team-tourn"]
[EventRounds "9"]
[EventCountry "GER"]
[SourceTitle "EXT 2020"]
[Source "ChessBase"]
[SourceDate "2019.10.17"]
[SourceVersion "1"]
[SourceVersionDate "2019.10.17"]
[SourceQuality "1"]
[WhiteTeam "Berlin Empor"]
[BlackTeam "Kreuzberg"]
[WhiteTeamCountry "GER"]
[BlackTeamCountry "GER"]

1. d4 Nf6 2. Nf3 e6 3. c4 Bb4+ 4. Bd2 Bxd2+ 5. Qxd2 Qe7 6. g3 d5 7. Bg2 0-0 8. 0-0 dxc4 9. Na3 c5 10. dxc5 Rd8 11. Qc1 Qxc5 12. Qxc4 Qa5 13. Rfd1 Nc6 14. Qb5 Rxd1+ 15. Rxd1 Qxb5 16. Nxb5 Kf8 17. Nfd4 Bd7 18. Nxc6 Bxc6 19. Bxc6 bxc6 20. Nc3 Ke7 21. Rd4 Nd5 22. Rc4 Nxc3 23. Rxc3 Kd6 24. Ra3 Kc7 25. Kf1 Kb6 26. Rd3 Kc7 27. Ke1 f5 28. Kd2 g5 29. Kc3 Rb8 30. Rd4 Rb5 31. Ra4 a5 32. Rd4 Re5 33. e3 Rb5 34. b3 Rc5+ 35. Kb2 Rd5 36. Kc3 c5 37. Rd3 g4 38. Kc4 Kc6 39. a3 Rxd3 40. Kxd3 Kd5 41. Kc3 Kd6 42. Kd3 Kd5 43. Kc3 Kd6 44. Kd3 Kd5 45. Kc3 Kd6 1/2-1/2

[Event "Oberliga Nord O 1819"]
[Site "Germany"]
[Date "2019.03.24"]
[Round "8.5"]
[White "Trenner, Rolf"]
[Black "Lehmann, Klaus"]
[Result "1-0"]
[WhiteElo "2156"]
[BlackElo "2272"]
[PlyCount "171"]
[EventDate "2018.10.21"]
[EventType "team-tourn"]
[EventRounds "9"]
[EventCountry "GER"]
[SourceTitle "EXT 2020"]
[Source "ChessBase"]
[SourceDate "2019.10.17"]
[SourceVersion "1"]
[SourceVersionDate "2019.10.17"]
[SourceQuality "1"]
[WhiteTeam "Potsdam Empor"]
[BlackTeam "Kreuzberg"]
[WhiteTeamCountry "GER"]
[BlackTeamCountry "GER"]

1. d4 Nf6 2. c4 e6 3. Nc3 Bb4 4. Qc2 0-0 5. Nf3 c5 6. dxc5 Na6 7. Bd2 Nxc5 8. e3 b6 9. Be2 Bb7 10. Rd1 Nfe4 11. Nxe4 Bxe4 12. Qc1 a5 13. 0-0 Qf6 14. Nd4 Rfc8 15. a3 Bxd2 16. Qxd2 Bc6 17. b4 axb4 18. axb4 Ne4 19. Qd3 Qg6 20. Nxc6 dxc6 21. Bf3 f5 22. Qd7 Qf7 23. Qd4 c5 24. bxc5 bxc5 25. Qd3 Qg6 26. Bxe4 fxe4 27. Qd6 Ra4 28. Rb1 h6 29. h3 Ra2 30. Rb7 Rc2 31. Re7 Rf8 32. Rxe6 Qf7 33. Rxe4 Rxc4 34. Re7 Qf5 35. g4 Qc2 36. Qd7 Qc3 37. Qe6+ Kh7 38. Rf7 Rxf7 39. Qxf7 Ra4 40. g5 Qc2 41. gxh6 Kxh6 42. Kh2 Qc4 43. Qxc4 Rxc4 44. Kg3 Kg5 45. Rd1 Kf5 46. Rd7 g5 47. Kf3 Ke6 48. Rg7 Kf6 49. Rg8 Rh4 50. Rc8 Rc4 51. Ke2 Ke5 52. Kd3 Rc1 53. Rg8 Kf5 54. e4+ Kf6 55. Rf8+ Kg6 56. Kd2 Rc4 57. f3 Rd4+ 58. Kc3 Ra4 59. Rf5 Ra1 60. Kd3 Rc1 61. Kd2 Rc4 62. Rd5 Kf6 63. Ke3 Rc1 64. Rd6+ Kg7 65. Rc6 Rc3+ 66. Kf2 Rc1 67. Rd6 Kf7 68. Ke2 Rc2+ 69. Rd2 Rc3 70. Kf2 Rc1 71. Kg3 Rg1+ 72. Rg2 Rc1 73. h4 gxh4+ 74. Kxh4 c4 75. Kg4 c3 76. Kf5 c2 77. f4 Ke7 78. e5 Kf7 79. Rh2 Ke7 80. Rd2 Kf7 81. Rd7+ Ke8 82. Rc7 Kd8 83. Rc5 Ke7 84. e6 Ke8 85. Kf6 Kd8 86. f5 1-0

[Event "Oberliga Nord O 1819"]
[Site "Germany"]
[Date "2018.11.11"]
[Round "2.5"]
[White "Venske, Kai Gerrit"]
[Black "Lehmann, Klaus"]
[Result "1/2-1/2"]
[WhiteElo "2172"]
[BlackElo "2272"]
[PlyCount "39"]
[EventDate "2018.10.21"]
[EventType "team-tourn"]
[EventRounds "9"]
[EventCountry "GER"]
[SourceTitle "EXT 2020"]
[Source "ChessBase"]
[SourceDate "2019.10.17"]
[SourceVersion "1"]
[SourceVersionDate "2019.10.17"]
[SourceQuality "1"]
[WhiteTeam "Berlin Weisse Dame"]
[BlackTeam "Kreuzberg"]
[WhiteTeamCountry "GER"]
[BlackTeamCountry "GER"]

1. e4 d6 2. d4 Nf6 3. Nc3 e5 4. dxe5 dxe5 5. Qxd8+ Kxd8 6. Nf3 Bd6 7. Bg5 c6 8. 0-0-0 Ke7 9. Bc4 Be6 10. Bxe6 fxe6 11. Rd2 Rd8 12. Rhd1 Rd7 13. Bh4 Bc7 14. Rd3 Rxd3 15. cxd3 Nbd7 16. Bg3 Nh5 17. Bh4+ Nhf6 18. Bg3 Nh5 19. Bh4+ Nhf6 20. Bg3 1/2-1/2

[Event "BL2-Nord 1718"]
[Site "Germany"]
[Date "2018.04.15"]
[Round "9.6"]
[White "Muse, Drazen"]
[Black "Lehmann, Klaus"]
[Result "1/2-1/2"]
[WhiteElo "2356"]
[BlackElo "2321"]
[PlyCount "42"]
[EventDate "2017.10.08"]
[EventType "team-tourn"]
[EventRounds "9"]
[EventCountry "GER"]
[SourceTitle "EXT 2019"]
[Source "ChessBase"]
[SourceDate "2018.10.10"]
[SourceVersion "1"]
[SourceVersionDate "2018.10.10"]
[SourceQuality "1"]
[WhiteTeam "Koenig Tegel"]
[BlackTeam "Kreuzberg"]
[WhiteTeamCountry "GER"]
[BlackTeamCountry "GER"]

1. Nf3 Nf6 2. c4 e6 3. Nc3 Bb4 4. g4 d5 5. Qa4+ Nc6 6. Ne5 Bd6 7. Nxc6 bxc6 8. cxd5 Nxd5 9. Nxd5 exd5 10. Qxc6+ Bd7 11. Qxd5 0-0 12. h3 Rb8 13. e3 Rb6 14. Rg1 Bc6 15. Qd3 Qh4 16. Bg2 Bxg2 17. Rxg2 Qxh3 18. Rg1 Qf3 19. Qe2 Qd5 20. b3 Bh2 21. Rf1 Be5 1/2-1/2

[Event "BL2-Nord 1718"]
[Site "Germany"]
[Date "2018.02.25"]
[Round "7.8"]
[White "Lehmann, Klaus"]
[Black "Wagner, Jan"]
[Result "1/2-1/2"]
[WhiteElo "2321"]
[BlackElo "2146"]
[PlyCount "109"]
[EventDate "2017.10.08"]
[EventType "team-tourn"]
[EventRounds "9"]
[EventCountry "GER"]
[SourceTitle "CBM 183 Extra"]
[Source "ChessBase"]
[SourceDate "2018.04.19"]
[SourceVersion "1"]
[SourceVersionDate "2018.04.19"]
[SourceQuality "1"]
[WhiteTeam "Kreuzberg"]
[BlackTeam "Oldenburg Union"]
[WhiteTeamCountry "GER"]
[BlackTeamCountry "GER"]

1. e4 g6 2. d4 Bg7 3. Nf3 d6 4. Be2 Nf6 5. Nbd2 0-0 6. 0-0 Nc6 7. c3 e5 8. dxe5 dxe5 9. Re1 Qe7 10. Qc2 Nh5 11. Nc4 Be6 12. b3 Rfd8 13. Ba3 Qe8 14. Ng5 Nf4 15. Nxe6 fxe6 16. Bf1 Bf8 17. g3 Bxa3 18. Nxa3 Nh5 19. Nc4 Nf6 20. b4 Nd7 21. Ne3 Qe7 22. Red1 Nb6 23. Rxd8+ Rxd8 24. Rd1 Rxd1 25. Qxd1 a5 26. a3 axb4 27. axb4 Kg7 28. h4 Nd8 29. Bh3 Qd6 30. Qc2 Nf7 31. Qb3 Nd8 32. Qc2 Nf7 33. Bf1 Nd8 34. Bc4 Nf7 35. Bb3 Nd8 36. Qe2 Nf7 37. Ng4 h5 38. Nh2 Nd7 39. Nf3 Nf6 40. Qc4 b5 41. Qxe6 Qxe6 42. Bxe6 Nxe4 43. c4 bxc4 44. Bxf7 Kxf7 45. Nxe5+ Ke6 46. Nxc4 Nc3 47. f4 Nd5 48. b5 Nc3 49. b6 cxb6 50. Nxb6 Kf5 51. Nc4 Ne2+ 52. Kf2 Nxf4 53. Ne3+ Ke5 54. gxf4+ Kxf4 55. Nd5+ 1/2-1/2

[Event "Berlin-ch Seniors op 34th"]
[Site "Berlin"]
[Date "2018.02.07"]
[Round "8"]
[White "Schulz, Michael"]
[Black "Lehmann, Klaus"]
[Result "1-0"]
[WhiteElo "2197"]
[BlackElo "2305"]
[PlyCount "61"]
[EventDate "2018.01.30"]
[EventType "swiss"]
[EventRounds "9"]
[EventCountry "GER"]
[SourceTitle "EXT 2020"]
[Source "ChessBase"]
[SourceDate "2019.10.17"]
[SourceVersion "1"]
[SourceVersionDate "2019.10.17"]
[SourceQuality "1"]

1. d4 d5 2. Bf4 Nf6 3. e3 e6 4. Nd2 Bd6 5. Bg3 0-0 6. Bd3 c5 7. c3 Nc6 8. Ngf3 b6 9. Ne5 Bb7 10. 0-0 g6 11. Nxc6 Bxc6 12. Bh4 Be7 13. a4 Nh5 14. Bxe7 Qxe7 15. g4 Ng7 16. f4 f6 17. Nf3 Ne8 18. h4 Nd6 19. g5 f5 20. Ne5 Be8 21. Rf2 Nf7 22. Nf3 e5 23. dxe5 Bc6 24. h5 Nd8 25. Rh2 Ne6 26. hxg6 hxg6 27. Rh6 Kg7 28. Bb5 Bxb5 29. axb5 Rfd8 30. Nh4 Nf8 31. Rxg6+ 1-0

[Event "Berlin-ch Seniors op 34th"]
[Site "Berlin"]
[Date "2018.02.02"]
[Round "4"]
[White "Badestein, Hartmut"]
[Black "Lehmann, Klaus"]
[Result "1/2-1/2"]
[WhiteElo "1993"]
[BlackElo "2305"]
[PlyCount "113"]
[EventDate "2018.01.30"]
[EventType "swiss"]
[EventRounds "9"]
[EventCountry "GER"]
[SourceTitle "EXT 2020"]
[Source "ChessBase"]
[SourceDate "2019.10.17"]
[SourceVersion "1"]
[SourceVersionDate "2019.10.17"]
[SourceQuality "1"]

1. e4 d6 2. d4 Nf6 3. Nc3 e5 4. Nf3 Nbd7 5. Bc4 Be7 6. 0-0 0-0 7. Qe2 c6 8. a4 b6 9. Rd1 Qc7 10. h3 a6 11. Bb3 Bb7 12. dxe5 dxe5 13. Bg5 Nc5 14. Ba2 b5 15. Qe3 Nh5 16. Nh4 g6 17. Bh6 Rae8 18. Nf3 Nf4 19. Ng5 Bxg5 20. Bxg5 Nce6 21. Bxe6 Nxe6 22. axb5 cxb5 23. Bf6 Nf4 24. Rd2 Re6 25. Bh4 Rd6 26. Rad1 Rxd2 27. Rxd2 b4 28. Nd5 Nxd5 29. exd5 Qd6 30. Bg3 f6 31. f4 Re8 32. fxe5 fxe5 33. c4 bxc3 34. bxc3 Qa3 35. d6 Bc6 36. Kh2 Qc1 37. Qd3 Bd7 38. Re2 Qf1 39. Qd5+ Qf7 40. Rxe5 Qxd5 41. Rxd5 Re2 42. Bf4 Kf7 43. Rc5 Ke6 44. Kg3 Re1 45. Kf2 Rd1 46. g4 Rd5 47. Rc4 Rd3 48. h4 h5 49. gxh5 gxh5 50. Rc5 Rd5 51. Rxd5 Kxd5 52. Ke3 a5 53. Kd2 Ke4 54. Bg5 Bf5 55. Kc1 Kd3 56. Kb2 Kc4 57. Bf6 1/2-1/2

[Event "BL2-Nord 1718"]
[Site "Germany"]
[Date "2017.11.12"]
[Round "3.6"]
[White "Lehmann, Klaus"]
[Black "Grigorian, Spartak"]
[Result "1/2-1/2"]
[WhiteElo "2321"]
[BlackElo "2352"]
[PlyCount "128"]
[EventDate "2017.10.08"]
[EventType "team-tourn"]
[EventRounds "9"]
[EventCountry "GER"]
[SourceTitle "CBM 183 Extra"]
[Source "ChessBase"]
[SourceDate "2018.04.19"]
[SourceVersion "1"]
[SourceVersionDate "2018.04.19"]
[SourceQuality "1"]
[WhiteTeam "Kreuzberg"]
[BlackTeam "Werder Bremen II"]
[WhiteTeamCountry "GER"]
[BlackTeamCountry "GER"]

1. e4 c5 2. c3 Nf6 3. e5 Nd5 4. Nf3 e6 5. d4 cxd4 6. cxd4 d6 7. Bd2 Bd7 8. Bc4 Bc6 9. 0-0 Nd7 10. Re1 dxe5 11. Nxe5 Nxe5 12. dxe5 Bc5 13. Nc3 Bxf2+ 14. Kxf2 Nxc3 15. Bxc3 Qh4+ 16. Kg1 Qxc4 17. Qd4 Qxd4+ 18. Bxd4 0-0-0 19. Red1 b6 20. Bc3 Bd5 21. Rd4 Rhg8 22. Rd2 h5 23. Rf1 Rd7 24. a3 Rgd8 25. Rf4 Bc6 26. Rfd4 Rxd4 27. Rxd4 Bd5 28. Rf4 Rd7 29. h4 a5 30. Kf2 Kb7 31. g3 Kc6 32. Ke3 Kc7 33. Rd4 f6 34. Rf4 f5 35. Rd4 Rd8 36. Kf4 Rh8 37. Kg5 Rh6 38. b4 axb4 39. Rxb4 Bc6 40. Rc4 Kb7 41. Rd4 Kc7 42. Bd2 Be8 43. Kf4 Rg6 44. Kf3 Bc6+ 45. Kf2 Rg4 46. Bf4 g5 47. hxg5 h4 48. gxh4 Rxh4 49. Rb4 Rg4 50. Ke3 Kb7 51. Rb2 Rh4 52. Rb1 Rh3+ 53. Kd2 Rh4 54. Be3 b5 55. Rg1 Rg4 56. Rxg4 fxg4 57. g6 Be4 58. g7 Bh7 59. Bh6 Kc6 60. Ke3 Kd7 61. Kf4 Ke8 62. Kxg4 Kf7 63. Kh5 Bg8 64. Kg5 Bh7 1/2-1/2

[Event "GER-chT Seniors 26th"]
[Site "Templin"]
[Date "2017.09.26"]
[Round "2.2"]
[White "Kargoll, Peter"]
[Black "Lehmann, Klaus"]
[Result "1/2-1/2"]
[WhiteElo "2163"]
[BlackElo "2321"]
[PlyCount "42"]
[EventDate "2017.09.25"]
[EventType "team-swiss"]
[EventRounds "7"]
[EventCountry "GER"]
[SourceTitle "EXT 2019"]
[Source "ChessBase"]
[SourceDate "2018.10.10"]
[SourceVersion "1"]
[SourceVersionDate "2018.10.10"]
[SourceQuality "1"]
[WhiteTeam "Rheinland Pfalz"]
[BlackTeam "Berlin"]
[WhiteTeamCountry "GER"]
[BlackTeamCountry "GER"]

1. d4 Nf6 2. Nf3 e6 3. g3 c5 4. c3 d5 5. Bg2 Nc6 6. 0-0 cxd4 7. cxd4 Bd6 8. Nc3 0-0 9. Bg5 Be7 10. Rc1 Bd7 11. Ne5 h6 12. Be3 Ne8 13. f4 Nd6 14. Bf2 Nxe5 15. dxe5 Nb5 16. Nxb5 Bxb5 17. Qd2 Qd7 18. Rfd1 Rfd8 19. e4 d4 20. Qxd4 Qe8 21. Qe3 b6 1/2-1/2

[Event "Oberliga Nord O 1617"]
[Site "Germany"]
[Date "2017.04.23"]
[Round "8.4"]
[White "Hansch, Stephan"]
[Black "Lehmann, Klaus"]
[Result "1/2-1/2"]
[WhiteElo "2142"]
[BlackElo "2331"]
[PlyCount "95"]
[EventDate "2016.10.16"]
[EventType "team-tourn"]
[EventRounds "9"]
[EventCountry "GER"]
[SourceTitle "EXT 2018"]
[Source "ChessBase"]
[SourceDate "2017.10.13"]
[SourceVersion "1"]
[SourceVersionDate "2017.10.13"]
[SourceQuality "1"]
[WhiteTeam "Potsdam Empor"]
[BlackTeam "Kreuzberg"]
[WhiteTeamCountry "GER"]
[BlackTeamCountry "GER"]

1. d4 Nf6 2. c4 e6 3. g3 d5 4. Nf3 Be7 5. Bg2 0-0 6. 0-0 dxc4 7. Qc2 a6 8. Qxc4 b5 9. Qc2 Bb7 10. Bd2 b4 11. Rc1 Bd6 12. Bg5 Nbd7 13. Bxf6 Qxf6 14. Ng5 Qxg5 15. Bxb7 Rad8 16. Nd2 Qb5 17. Bf3 e5 18. Nb3 Qb6 19. e3 exd4 20. Nxd4 Ne5 21. Be4 g6 22. a3 a5 23. axb4 axb4 24. Qe2 c5 25. Ra6 Qb8 26. Nb5 Be7 27. f4 c4 28. Na7 Nd3 29. Rxc4 Nc5 30. Nc6 Qd6 31. Rd4 Qf6 32. Ra7 Rxd4 33. exd4 Bd6 34. Bd5 Qf5 35. Ne5 Bxe5 36. dxe5 Qb1+ 37. Kg2 Ne6 38. Bxe6 fxe6 39. Qc4 Qxb2+ 40. Kh3 Qb1 41. Qxe6+ Kh8 42. Qd7 Qf1+ 43. Kh4 Rxf4+ 44. gxf4 Qxf4+ 45. Kh3 Qf3+ 46. Kh4 Qf4+ 47. Kh3 Qf3+ 48. Kh4 1/2-1/2

[Event "Oberliga Nord O 1617"]
[Site "Germany"]
[Date "2016.12.04"]
[Round "3.4"]
[White "Meissner, Hans Juergen"]
[Black "Lehmann, Klaus"]
[Result "1-0"]
[WhiteElo "2279"]
[BlackElo "2331"]
[PlyCount "89"]
[EventDate "2016.10.16"]
[EventType "team-tourn"]
[EventRounds "9"]
[EventCountry "GER"]
[SourceTitle "EXT 2018"]
[Source "ChessBase"]
[SourceDate "2017.10.13"]
[SourceVersion "1"]
[SourceVersionDate "2017.10.13"]
[SourceQuality "1"]
[WhiteTeam "Berlin Empor"]
[BlackTeam "Kreuzberg"]
[WhiteTeamCountry "GER"]
[BlackTeamCountry "GER"]

1. d4 Nf6 2. Nf3 d5 3. c4 e6 4. Nc3 Nbd7 5. Bg5 Be7 6. e3 0-0 7. Rc1 dxc4 8. Bxc4 c5 9. 0-0 cxd4 10. exd4 Nb6 11. Bb3 Nfd5 12. Bd2 Nxc3 13. bxc3 Ba3 14. Rb1 Qc7 15. Qe2 Bd7 16. c4 Bc6 17. Ne5 a5 18. Bc2 g6 19. Bf4 Qd8 20. Nxc6 bxc6 21. Rfd1 Be7 22. Be4 Rc8 23. Qc2 Nd7 24. Rb7 Bf6 25. h3 Nb8 26. Qd2 Re8 27. Be3 Re7 28. Rdb1 Na6 29. a3 Rxb7 30. Rxb7 Rc7 31. Rb6 Nb8 32. Qxa5 Rd7 33. Qb4 c5 34. Qb5 Rxd4 35. Bxd4 Qxd4 36. Rxb8+ Kg7 37. Qb1 Qd2 38. Rb3 Bd4 39. Qf1 Bxf2+ 40. Kh1 Bd4 41. Rb7 Bf2 42. Bc6 Kf8 43. a4 f5 44. a5 Qa2 45. Bb5 1-0

[Event "BL2-Nord 1516"]
[Site "Germany"]
[Date "2016.04.24"]
[Round "2.3"]
[White "Lehmann, Klaus"]
[Black "Ochsner, Bjorn Moller"]
[Result "0-1"]
[WhiteElo "2335"]
[BlackElo "2394"]
[PlyCount "62"]
[EventDate "2015.09.19"]
[EventType "team-tourn"]
[EventRounds "9"]
[EventCountry "GER"]
[SourceTitle "EXT 2017"]
[Source "ChessBase"]
[SourceDate "2016.10.25"]
[SourceVersion "1"]
[SourceVersionDate "2016.10.25"]
[SourceQuality "1"]
[WhiteTeam "Kreuzberg"]
[BlackTeam "Preetz"]
[WhiteTeamCountry "GER"]
[BlackTeamCountry "GER"]

1. e4 c5 2. Nf3 e6 3. c3 Nf6 4. e5 Nd5 5. d4 cxd4 6. cxd4 d6 7. a3 Bd7 8. Bd3 Bc6 9. 0-0 Nd7 10. Qe2 a6 11. Re1 Rc8 12. Bd2 dxe5 13. Nxe5 Nxe5 14. dxe5 Be7 15. Nc3 Nxc3 16. Bxc3 Qd5 17. Qf1 0-0 18. Be4 Qb5 19. Bxc6 Qxc6 20. Red1 Rfd8 21. Rxd8+ Rxd8 22. Rd1 Rd5 23. Rxd5 exd5 24. Bd4 Bc5 25. Bxc5 Qxc5 26. Qe1 Kf8 27. g3 d4 28. f4 d3+ 29. Kf1 Qd5 30. Qb4+ Kg8 31. Ke1 Qg2 0-1

[Event "BL2-Nord 1516"]
[Site "Germany"]
[Date "2015.12.13"]
[Round "4.4"]
[White "Seres, Lajos"]
[Black "Lehmann, Klaus"]
[Result "1/2-1/2"]
[WhiteElo "2400"]
[BlackElo "2335"]
[PlyCount "45"]
[EventDate "2015.09.19"]
[EventType "team-tourn"]
[EventRounds "9"]
[EventCountry "GER"]
[SourceTitle "EXT 2017"]
[Source "ChessBase"]
[SourceDate "2016.10.25"]
[SourceVersion "1"]
[SourceVersionDate "2016.10.25"]
[SourceQuality "1"]
[WhiteTeam "Schwerin"]
[BlackTeam "Kreuzberg"]
[WhiteTeamCountry "GER"]
[BlackTeamCountry "GER"]

1. d4 Nf6 2. Nf3 e6 3. c4 b6 4. g3 Bb7 5. Bg2 Be7 6. 0-0 0-0 7. Nc3 Ne4 8. Qc2 Nxc3 9. Qxc3 Be4 10. Bf4 f5 11. Rad1 Bf6 12. Qe3 Re8 13. Rfe1 Nc6 14. Be5 d6 15. Bxf6 Qxf6 16. Qg5 Qxg5 17. Nxg5 Bxg2 18. Kxg2 h6 19. Nf3 e5 20. dxe5 Nxe5 21. b3 Nxf3 22. Kxf3 Re5 23. Rd4 1/2-1/2

[Event "BL2-Nord 1415"]
[Site "Germany"]
[Date "2015.03.15"]
[Round "8.4"]
[White "Brodowski, Piotr"]
[Black "Lehmann, Klaus"]
[Result "1/2-1/2"]
[WhiteElo "2441"]
[BlackElo "2339"]
[PlyCount "87"]
[EventDate "2014.09.21"]
[EventType "team-tourn"]
[EventRounds "9"]
[EventCountry "GER"]
[SourceTitle "CBM 166 Extra"]
[Source "ChessBase"]
[SourceDate "2015.06.18"]
[SourceVersion "1"]
[SourceVersionDate "2015.06.18"]
[SourceQuality "1"]
[WhiteTeam "Berlin Zehlendorf"]
[BlackTeam "Berlin Kreuzberg"]
[WhiteTeamCountry "GER"]
[BlackTeamCountry "GER"]

1. c4 e5 2. Nc3 Nf6 3. g3 Bb4 4. Bg2 0-0 5. e4 Bxc3 6. bxc3 Re8 7. d3 c6 8. Bg5 d6 9. Rb1 Nbd7 10. Nh3 h6 11. Be3 Qa5 12. Qc2 d5 13. cxd5 cxd5 14. f3 Qc7 15. Nf2 b6 16. 0-0 Bb7 17. Rbc1 dxe4 18. fxe4 Rac8 19. Qb1 Qd6 20. Rfd1 Qe7 21. a4 Bc6 22. Qa2 a5 23. Rb1 Rb8 24. Qc4 Rec8 25. Qb3 Qe8 26. Bh3 Nc5 27. Bxc5 bxc5 28. Qc4 Bd7 29. Bxd7 Nxd7 30. Qa6 Qd8 31. Qd6 Rb6 32. Rxb6 Nxb6 33. Qxe5 Nxa4 34. Rb1 Qc7 35. Qxc7 Rxc7 36. Rb8+ Kh7 37. Rb3 Ra7 38. Ng4 c4 39. Ra3 Nc5 40. d4 Nxe4 41. Ne5 Nd6 42. Ra4 Rb7 43. Nxc4 Nb5 44. Rxa5 1/2-1/2

[Event "BL2-Nord 1415"]
[Site "Germany"]
[Date "2015.02.22"]
[Round "7.4"]
[White "Lehmann, Klaus"]
[Black "Fuchs, Judith"]
[Result "1-0"]
[WhiteElo "2339"]
[BlackElo "2293"]
[PlyCount "51"]
[EventDate "2014.09.21"]
[EventType "team-tourn"]
[EventRounds "9"]
[EventCountry "GER"]
[SourceTitle "CBM 166 Extra"]
[Source "ChessBase"]
[SourceDate "2015.06.18"]
[SourceVersion "1"]
[SourceVersionDate "2015.06.18"]
[SourceQuality "1"]
[WhiteTeam "Berlin Kreuzberg"]
[BlackTeam "Hamburger SK II"]
[WhiteTeamCountry "GER"]
[BlackTeamCountry "GER"]

1. e4 c6 2. d4 d5 3. Nc3 dxe4 4. Nxe4 Bf5 5. Ng3 Bg6 6. Nf3 Nd7 7. Bd3 Ngf6 8. Bxg6 hxg6 9. Qd3 Qc7 10. Bd2 e6 11. Ne4 Nxe4 12. Qxe4 Bd6 13. h3 0-0-0 14. 0-0-0 c5 15. dxc5 Nxc5 16. Qe2 Rh5 17. Be3 Na4 18. Rd3 Qc4 19. Nd2 Qb5 20. Nb3 Rd5 21. c4 Qc6 22. Nd4 Rxd4 23. Rxd4 Qxg2 24. Rhd1 Qc6 25. Qd2 Qb6 26. Rd3 1-0

[Event "BL2-Nord 1415"]
[Site "Germany"]
[Date "2014.12.07"]
[Round "4.3"]
[White "Lehmann, Klaus"]
[Black "Horvath, Jozsef"]
[Result "0-1"]
[WhiteElo "2339"]
[BlackElo "2501"]
[PlyCount "38"]
[EventDate "2014.09.21"]
[EventType "team-tourn"]
[EventRounds "9"]
[EventCountry "GER"]
[SourceTitle "CBM 166 Extra"]
[Source "ChessBase"]
[SourceDate "2015.06.18"]
[SourceVersion "1"]
[SourceVersionDate "2015.06.18"]
[SourceQuality "1"]
[WhiteTeam "Berlin Kreuzberg"]
[BlackTeam "Schwerin"]
[WhiteTeamCountry "GER"]
[BlackTeamCountry "GER"]

1. e4 d6 2. d4 Nf6 3. Nc3 g6 4. Nf3 Bg7 5. Be2 0-0 6. 0-0 c5 7. dxc5 dxc5 8. Qxd8 Rxd8 9. Be3 b6 10. Rfd1 Nc6 11. Rxd8+ Nxd8 12. a4 Bb7 13. Nd2 Nc6 14. f3 Nd7 15. Nc4 Nd4 16. Bd3 Ba6 17. Nb5 Nxb5 18. Nxb6 axb6 19. axb5 Bb7 0-1

[Event "BL2-Nord 1415"]
[Site "Germany"]
[Date "2014.11.09"]
[Round "3.3"]
[White "Richter, Michael"]
[Black "Lehmann, Klaus"]
[Result "1-0"]
[WhiteElo "2493"]
[BlackElo "2339"]
[PlyCount "73"]
[EventDate "2014.09.21"]
[EventType "team-tourn"]
[EventRounds "9"]
[EventCountry "GER"]
[SourceTitle "CBM 166 Extra"]
[Source "ChessBase"]
[SourceDate "2015.06.18"]
[SourceVersion "1"]
[SourceVersionDate "2015.06.18"]
[SourceQuality "1"]
[WhiteTeam "Berlin Tegel"]
[BlackTeam "Berlin Kreuzberg"]
[WhiteTeamCountry "GER"]
[BlackTeamCountry "GER"]

1. c4 c5 2. Nf3 Nc6 3. Nc3 g6 4. g3 Bg7 5. Bg2 d6 6. 0-0 e6 7. a3 Nge7 8. b4 0-0 9. Rb1 Rb8 10. e3 e5 11. d3 b6 12. Bd2 Bb7 13. b5 Na5 14. e4 f5 15. Qe2 Bc8 16. Nd5 Nxd5 17. exd5 Re8 18. Ng5 Nb7 19. Rbe1 h6 20. Ne6 Bxe6 21. dxe6 Qe7 22. Bc6 Rf8 23. f4 Nd8 24. Bd5 Nxe6 25. fxe5 dxe5 26. Bxh6 Bxh6 27. Qxe5 Qf6 28. Qxe6+ Kh8 29. Qxf6+ Rxf6 30. Re7 Bf8 31. Rxa7 Re8 32. g4 Bd6 33. Rf3 Re7 34. Ra8+ Kg7 35. Rg8+ Kh6 36. h4 Kh7 37. g5 1-0